[Event "Villa Constitucion op"]
[Site "Villa Constitucion"]
[Date "2018.08.31"]
[Round "1"]
[White "Nunez, Ricardo"]
[Black "Mussanti, Diego"]
[Result "0-1"]
[WhiteElo "1605"]
[BlackElo "2308"]
[PlyCount "80"]
[EventDate "2018.08.31"]
[EventType "swiss"]
[EventRounds "6"]
[EventCountry "ARG"]
[SourceTitle "CBM 186 Extra"]
[Source "ChessBase"]
[SourceDate "2018.08.24"]
[SourceVersion "1"]
[SourceVersionDate "2018.08.24"]
[SourceQuality "1"]

1. d4 d5 2. c4 dxc4 3. Nc3 e6 4. Qa4+ Nd7 5. g3 c5 6. Qxc4 Nb6 7. Qd3 cxd4 8. Nb5 e5 9. Nf3 a6 10. Na3 Qd5 11. e4 Bb4+ 12. Bd2 Bxd2+ 13. Nxd2 Qd8 14. Nac4 Nxc4 15. Nxc4 Nf6 16. Bg2 0-0 17. 0-0 Nd7 18. Rac1 Qe7 19. Rc2 Rd8 20. f4 a5 21. fxe5 Nxe5 22. Nxe5 Qxe5 23. Rcf2 Be6 24. Rc2 Rac8 25. Rfc1 Rxc2 26. Rxc2 Bxa2 27. Rc1 a4 28. Qc2 b5 29. Qc5 Qe8 30. Qf5 d3 31. Rd1 d2 32. Qf4 Qd7 33. Bf3 Bb3 34. Bg4 Qd4+ 35. Kg2 Bxd1 36. Bxd1 Qxb2 37. Qc7 Qd4 38. e5 b4 39. e6 fxe6 40. Qc6 Qd5+ 0-1